| 000 | 00768nam a2200229 i 4500 | ||
|---|---|---|---|
| 001 | 130826 | ||
| 003 | ES-MaACL | ||
| 005 | 20250415213642.0 | ||
| 007 | t| | ||
| 008 | 070809s1974 sp ||||1| spa d | ||
| 100 | 1 |
_aZeleny, Jindrich. _9118160 |
|
| 245 | 1 | 3 |
_aLa estructura lógica de "El Capital" de Marx / _cJindrich Zeleny ; traducción de Manuel Sacristán. |
| 250 | _a[1ª ed.]. | ||
| 260 |
_aBarcelona : _bGrijalbo, _c1974. |
||
| 300 |
_a337 p. ; _c22 cm. |
||
| 490 | 1 |
_aTeoría y realidad ; _v5 |
|
| 600 | 1 | 4 |
_aMarx, Karl, _d1818-1883- _xCrítica e interpretación _978591 |
| 700 | 1 |
_aSacristán, Manuel, _d1925-1985 _9101268 |
|
| 830 | 0 |
_aTeoría y realidad ; _v5 _9180740 |
|
| 852 |
_aES-MaACL _jE-7849 _bR.92164 |
||
| 999 |
_c130826 _d130826 |
||